000 00289nam a2200121Ia 4500
008 191201s2013 xx 000 0 und d
100 _aKANETKAR, Yashavant
245 0 _aLet us C Solutions
260 _aN. Delhi
_bBPB Publication
_c2013
300 _a458
650 _aMCA
942 _2ddc
_cBK
999 _c6095
_d6095